O du Fröhliche Liedtext - Statistiken

Allgemein
  • Dieses Quiz wurde 213 mal gespielt
  • Das Durchschnittsergebnis liegt bei 41 aus 56
Antwortstatistiken
1. Strophe % Korrekt
du
100%
du
100%
du
100%
du
100%
du
100%
du
100%
fröhliche,
100%
fröhliche,
100%
fröhliche,
100%
O
100%
o
100%
o
100%
O
100%
o
100%
o
100%
O
100%
o
100%
o
100%
selige,
84%
selige,
84%
selige,
84%
Weihnachtszeit!
81%
Weihnachtszeit!
81%
Weihnachtszeit!
81%
Christ
73%
Christ
73%
gnadenbringende
71%
gnadenbringende
71%
gnadenbringende
71%
ist
71%
ist
71%
geboren
66%
Freue,
64%
freue
64%
Freue,
64%
freue
64%
Freue,
64%
freue
64%
dich,
63%
dich
63%
dich
63%
Christenheit!
61%
Christenheit!
61%
Christenheit!
61%
zu
57%
erschienen,
55%
uns
55%
verloren,
45%
versühnen:
44%
Welt
41%
ging
38%
Ehre:
35%
Himmlische
35%
dir
34%
jauchzen
32%
Heere
31%
Keine übereinstimmenden Quizze gefunden
Verteilung der Resultate
Anzahl Personen mit jedem Resultat
Perzentil nach korrekt beantworteten Fragen
Ihre Resultats-Entwicklung
Sie haben dieses Quiz noch nicht gespielt